| 000 | 01576cam a22004694i 4500 | ||
|---|---|---|---|
| 003 | PE-LiUPU | ||
| 005 | 20250731173508.0 | ||
| 008 | 150616s1994 miu r 000 0 eng d | ||
| 020 | _a0802807968 | ||
| 035 | _a(Sirsi) i9780802807960 | ||
| 040 |
_aPE-LiUPU _bspa _cPE-LiUPU _erda |
||
| 049 | _aPRUA | ||
| 082 | 0 | 4 |
_a261.72 _bD97 _221 |
| 100 | 1 |
_aDunn, James D. G., _d1939-, _eautor. |
|
| 245 | 1 | 0 | _aChristian Liberty: a New Testament perspective. |
| 264 | 1 |
_aGrand Rapids, Michigan : _bWm. B. Eerdmans Publishing Co, _c1994. |
|
| 300 |
_a115 páginas ; _c21 centímetros |
||
| 336 |
_atext _2rdacontent |
||
| 337 |
_aunmediated _2rdamedia |
||
| 338 |
_avolume _2rdacarrier |
||
| 505 | 0 | _aWhat is liberty? -- Jesus and authority -- Liberty and the self -- Liberty and community. | |
| 526 | _aSEG42 | ||
| 526 | _aSEG41 | ||
| 526 | _aSEG40 | ||
| 526 | _aSEG39 | ||
| 526 | _aP94 | ||
| 526 | _aP87 | ||
| 526 | _aP86 | ||
| 526 | _aP85 | ||
| 526 | _aP77 | ||
| 526 | _aP76 | ||
| 526 | _aP35 | ||
| 650 | 0 | 4 | _aCristianismo. |
| 650 | 0 | 4 |
_aLibertad _xAspectos religiosos. |
| 910 |
_ajck _bjvq _cjck |
||
| 942 |
_2ddc _cBOOK |
||
| 949 |
_a261.72 D97 _wDEWEY _c1 _i40547 _lCCODEBUL1 _mBUL _r0 _sY _tBOOK _u2015-6-16 _xTEOLOGIA _zUNKNOWN _0COMPRA _o.STAFF. Colección Teología |
||
| 994 |
_aC0 _bPEPRU |
||
| 596 | _a1 | ||
| 999 |
_a261.72 D97 _wDEWEY _c58333 _i40547 _f2021-11-10 _g5 _lCCODEBUL1 _mBUL _p16.50 _r0 _sY _tBOOK _u2015-6-16 _xTEOLOGIA _PP35 _0COMPRA _o.STAFF. Colección Teología _d58333 |
||
| 980 |
_81 _gALBERTO SANCHEZ Responsable de Automatización |
||